000 01284naa a22003017a 4500
001 BR9401155
003 BR-BrBNA
005 20240918180914.0
007 ta
008 230509b bl.||||| |||| 00| 0 por d
040 _aBR-BrBNA
_bpor
_cBiblioteca Nacional de Agricultura
041 _a(Pt)
072 _aN20
090 _aN20 BR9401155
100 1 _aPereira, A.S.
100 1 _aCoelho, R.D.
111 1 _a21. Congresso Brasileiro de Engenharia Agricola1. Simposio de Engenharia Agricola do Cone Sul
_cSanta Maria, RS (Brazil)
_d27-31 Jul 1992
245 1 _aDeterminacao da evapotranspiracao de referencia (ETo)atraves de atmometros modificados em condicoes tropicais
260 3 _aSanta Maria, RS (Brasil):
_c1992.
500 _a21. Congresso Brasileiro de Engenharia Agricola e 1. Simposio de Engenharia Agricola do Cone Sul Santa Maria, RS (Brasil): 1992. v. 2A p. 636-648 (BR9401155-AM)N20
650 _aEquipamento de Irrigacao
650 _aEvapotranspiracao
650 _aEvaporacao
650 _aModelo Matematico
773 0 _t21. Congresso Brasileiro de Engenharia Agricola e 1. Simposio de Engenharia Agricola do Cone Sul
_wN20 BR9401155
_gSanta Maria, RS (Brasil), 1992. v. 2A p. 636-648
909 _a202404
_bLucia
_c55
_dLucia Elande
942 _cAM
_2AGRIS
999 _c322590
_d322590